Online
Catalog

L´essor de l´empire espagnol d´ amérique / (Record no. 34832)

MARC details
000 -CABECERA
campo de control de longitud fija 00745nam a2200193 a 4500
001 - NÚMERO DE CONTROL
campo de control 000035341
005 - FECHA Y HORA DE LA ÚLTIMA TRANSACCIÓN
campo de control 20200930074254.0
008 - DATOS DE LONGITUD FIJA--INFORMACIÓN GENERAL
campo de control de longitud fija 111027s1953 fr a 000 0 fre d
040 ## - FUENTE DE LA CATALOGACIÓN
Centro catalogador/agencia de origen DO-SdBNP
Lengua de catalogación spa
Centro/agencia transcriptor BNPHU
041 17 - CÓDIGO DE LENGUA
Código de lengua del texto/banda sonora o título independiente fre
Código de lengua original eng
100 1# - ENTRADA PRINCIPAL--NOMBRE DE PERSONA
Nombre de persona Madariaga, Salvador de,
Fechas asociadas al nombre 1886-1978
9 (RLIN) 32386
245 12 - MENCIÓN DE TÍTULO
Título L´essor de l´empire espagnol d´ amérique /
Mención de responsabilidad, etc. Salvador de Madariaga ; traduction de Marcelle Sibon.
260 ## - PUBLICACIÓN, DISTRIBUCIÓN, ETC.
Lugar de publicación, distribución, etc. Paris :
Nombre del editor, distribuidor, etc. Éditions Albin Michel,
Fecha de publicación, distribución, etc. 1953.
300 ## - DESCRIPCIÓN FÍSICA
Extensión 490 p. :
Otras características físicas il. ;
Dimensiones 20 cm.
590 ## - NOTA LOCAL (RLIN)
Nota local Perteneció a la biblioteca personal de Juan Isidro Jimenes Grullón.
651 #0 - PUNTO DE ACCESO ADICIONAL DE MATERIA--NOMBRE GEOGRÁFICO
Nombre geográfico América Latina
Subdivisión general Historia
Subdivisión cronológica GASTA 1830
9 (RLIN) 61127
651 #0 - PUNTO DE ACCESO ADICIONAL DE MATERIA--NOMBRE GEOGRÁFICO
Nombre geográfico España
Subdivisión general Colonias
-- América Latina
9 (RLIN) 61128
700 1# - PUNTO DE ACCESO ADICIONAL--NOMBRE DE PERSONA
Nombre de persona Sibon, Marcelle,
Término indicativo de función/relación trad.
9 (RLIN) 61129
Holdings
Estado de retiro Estado de pérdida Restricciones de uso No para préstamo Código de colección Localización permanente Ubicación/localización actual Ubicación en estantería Fecha de adquisición Número de inventario Total de préstamos Signatura topográfica completa Código de barras Fecha visto por última vez Precio válido a partir de Tipo de ítem Koha Nota pública
        Monografías: Libros y Folletos General General Orden iniciada 27.10.2011 LF1   35341-10 25.06.2020 25.06.2020 No se presta Biblioteca Juan Isidro Jiménes Grullón

Powered by Koha